02751cam a22003498i 450000100090000000300050000900500170001400800410003101000170007202000310008903500130012004000290013304200080016205000260017008200220019610000380021824501260025626300090038226400560039130000280044733600260047533700280050133800270052950400410055650507690059752007060136665000450207265000340211765000390215165000350219077601760222521775718CSPC20250904113924.0201028s2021 enk b 000 0 eng  a 2020047705 a9780367649289q(paperback) a21775718 aDLCbengerdacDLCdCSPC apcc00aQ180.55.I48bP43 202100a001.42bP341c2231 aPedersen, Christina Hee,eauthor.10aCrafting collaborative research methodologies :bleaps and bounds in interdisciplinary inquiry /cChristina Hee Pedersen. a2104 1aAbingdon, Oxon ;aNew York, NY :bRoutledge,c2021. axi, 255 pages ;c23 cm. atextbtxt2rdacontent aunmediatedbn2rdamedia avolumebnc2rdacarrier aIncludes bibliographical references.0 aSpeaking an opening text: about thinking positions -- A conceptual repertoire for analysis: crosscutting concepts -- 'The image exercise': a collaborative method to explore relations and meanings -- Putting the image exercise to work: on gender and humour -- To take on memory work: surrendering to collaboration and process -- Longing for feminist activism: the doings in memory work -- Bodies in a text: exploring the productivity of difference -- Attending to the tensions: Putting intersectional thinking to work -- Taking in and speaking out social differentiation: moving evocation and interpretation -- Pushing the boundaries: ideas to generate texts for analysis -- Opening a closure - the tensions, leaps and stumbles: a dialogue on research and activism. a"This book demonstrates a number of collaborative, visual and narrative methods that explore the promises and the ethical, relational complexities inherent in collaborative research. The book brings together the fruits of many years of work with interdisciplinary, collaborative research methodologies, showing the challenges and rewards inherent in the practice of real collaborative research. It represents a condensation and a reflexive exploration of knowledge (co)produced through innovation and experimentation in both research and teaching over more than three decades of the author's experience. Suitable for all students of qualitative and collaborative methodology"--cProvided by publisher. 0aInterdisciplinary researchxMethodology. 0aAction researchxMethodology. 0aQualitative researchxMethodology. 0aIntersectionality (Sociology).08iOnline version:aPedersen, Christina Hee.tCrafting collaborative research methodologiesdAbingdon, Oxon ; New York, NY : Routledge, 2021.z9781003126980w(DLC) 2020047706